banner-ar

GROUNDWATER CONTAMINATION AND ANALYSIS AT HAZORDOUS WASTE SITES / (Record no. 15194)

MARC details
000 -الفاتح
حقل البيانات ثابتة الطول 00522nam a2200181Ia 4500
008 - عناصر البيانات ثابتة الطول - معلومات عامة
حقل البيانات ثابتة الطول 140319s9999 xx 000 0 eng d
040 ## - مصدر الفهرسة
وكالة الفهرسة الأصلية GCL /
وكالة النسخ GCL
082 04 - رقم تصنيف ديوى العشرى
رقم التصنيف 628.42
رقم المادة L G
100 1# - المدخل الرئيسى - إسم شخصى
الإسم الشخصى LESAGE, SUZANNE
245 10 - بيان العنوان
العنوان GROUNDWATER CONTAMINATION AND ANALYSIS AT HAZORDOUS WASTE SITES /
بيان المسئوليه,etc LESAGE, SUZANNE
700 1# - المدخل الاضافى - اسم شخصى
الإسم الشخصى JACKSON, RICHARD L.
260 ## - PUBLICATION, DISTRIBUTION, ETC. (IMPRINT)
تاريخ النشر أو التوزيع 1992
300 ## - الوصف المادى
التعداد 545 P
650 04 - المدخل الاضافى بالموضوع-مصطلح موضوعى
مصطلح موضوعي ENVIRONMENTAL ASPECTS
650 04 - المدخل الاضافى بالموضوع-مصطلح موضوعى
مصطلح موضوعي WATER UNDERGROUND
942 ## - عناصر المدخل الإضافي( كوها)
مصدر التصنيف او مخطط الترفيف Dewey Decimal Classification
Koha [default] item type كتاب
260 ## - PUBLICATION, DISTRIBUTION, ETC. (IMPRINT)
-- [S.N] :
-- MARCEL DEKKER, INC ،
Holdings
حالة التراجع حالة الفقد حالة تلف ليس للاعارة المكان المؤقت الموقع الحالى تاريخ الاكتساب اجمالي اﻻعارات رقم الطلب الباركود تاريخ اخر مشاهدة تاريخ تفعيل السعر نوع وعاء كوها
        مكتبة القاهرة الكبرى مكتبة القاهرة الكبرى 03/26/2014   628.42\L G 28245 03/26/2014 03/26/2014 كتاب
        مكتبة القاهرة الكبرى مكتبة القاهرة الكبرى 03/26/2014   628.42\L G 28246 03/26/2014 03/26/2014 كتاب

Powered By

EGPV